00843pam a2200265 a 4500999001700000001000700017003000400024005001700028008004100045010001700086020004000103040001900143043001200162050002100174082002200195100002900217245009600246250001200342260006500354300001300419500002000432504003000452906004500482942005000527 c20005d20005532732OSt20200609143100.0870519s1987 enk b 000 0 eng  a 87014698  a9780080358116c$19.50 (U.S. : est.) aDLCcoclcdDLC ae-uk---00aUA647b.C57 198700a355.033541bCOK/B aCoker, Christopher9269210aBritish defence policy in the 1990s :ba guide to the defence debate /c Christopher Coker. a1st ed. aLondon ;aWashington :bBrassey's Defence Publishers,c1987. a186 p. ; aIncludes index. aBibliography: p. 177-184. a7bcbccorignewd1eocipf19gy-gencatlg 2ddccBKh355.033541iCOK/Bk355.033541mCOK/B